000 00309nam a22001217a 4500
008 171003b xxu||||| |||| 00| 0 eng d
041 _aeng
080 _a159.89
100 _a48
101 _aPSI
245 _aMEDICAL PSYCHOSOCIAL ASPECT OF CHRONIC ILLNES AND DISABILITY
_cFALVO
942 _2udc
_cBK
999 _c31542
_d31542